'Ryan' Missing Titles - Statistics

General Stats
  • This quiz has been taken 13 times
  • The average score is 20 of 30
Answer Stats
Hint Answer % Correct
Only ____ Forgives God
88%
The ____ Bodyguard Hitman's
88%
La ____ Land La
88%
Blade: ____ Trinity
88%
Blade Runner ____ 2049
75%
Smokin' ____ Aces
75%
The ____ Horror Amityville
75%
____, Stupid, Love. Crazy
75%
The ____: A New Age Croods
75%
____ Man First
75%
Just ____ Friends
75%
The Nice ____ Guys
75%
____ By Numbers Murder
75%
X-Men ____: Wolverine Origins
75%
____ Hail Mary Project
75%
Hitman's ____ Bodyguard Wife's
75%
The ____ Project Adam
63%
The ____-Up Change
63%
____, Maybe Definitely
63%
The ____ Of March Ides
63%
The Place Beyond The ____ Pines
63%
Gangster ____ Squad
63%
6 ____ Underground
63%
____ Nelson Half
50%
____ And The Real Girl Lars
50%
____ Grind Mississippi
50%
Red ____ Notice
50%
____ House Safe
50%
The Big ____ Short
50%
Blue ____ Valentine
25%
No matching quizzes found
Score Distribution
Percent of People with Each Score
Percentile by Number Answered
Your Score History
You have not taken this quiz